00825cam a2200241 a 450000100100000000500170001000800410002702000150006804000230008308200190010610000370012524500410016226000480020330000210025149000250027249000110029765000300030865000320033883000420037091000340041295201220044699900150056800000632420200929153921.0880815s1986 ck 001 p spa  a9581401423 aDO-SdBNPcDLCdDLC aC861.44bA786t1 aArtel, Jorge,d1909-1994.91763710aTambores en la noche /cJorge Artel. aBogota, Colombia :bPlaza & Janés,c1986. a172 p. ;c20 cm.1 aNarrativa colombiana1 aPoemas 4aPoesìa colombiana93742 4aLiteratura colombiana91244 0aNarrativa colombiana,pPoemas.917638 aCatalogación por copia / LC 001052708MOaGRbGRcCTd2009-08-27iLF1l0oC861.44 A786tp6324-10r2020-06-25w2020-06-25y2ZPréstamo interno c6119d6119